Distribution par images - 8 Rue de l'Humanité - Statistiques

Statistiques générales
  • Ce quiz a été pris 28 fois
  • Le résultat moyen est 5 sur 9
Statistiques - réponses
Par images Hint Réponse % Correct
Martin Dany Boon
100%
Tony François Damiens
92%
Policier Elie Semoun
76%
Agathe Alison Wheeler
72%
Jean-Paul Yvan Attal
48%
Samuel Tom Leeb
40%
Claire Laurence Arné
28%
Louise Liliane Rovère
20%
Diego Jorge Calvo
12%
Aucun quiz correspondant
Distribution des résultats
% des personnes avec chaque résultat
Percentile par nombre de réponses
Votre historique - résultats
Vous n’avez pas pris ce quiz